Obyknovennyje differencial'nyje uravnenija kačestvennaja teorija s priloženijami

Enregistré dans:
Détails bibliographiques
Auteur principal: Arrowsmith, D.K
Autres auteurs: Place, C.M
Format: Livre
Langue:russe
Publié: Moskva Mir 1986
Tags: Ajouter un tag
Pas de tags, Soyez le premier à ajouter un tag!

MARC

LEADER 00000nam a2200000 4500
001 c104751
005 20240912070909.9
041 0 |a rus 
044 |a RU 
245 1 0 |a Obyknovennyje differencial'nyje uravnenija  |b kačestvennaja teorija s priloženijami  |c D.K. Arrowsmith, C.M. Place ; [Perevod s anglijskogo T.D. Ventcel'] 
264 1 |a Moskva  |b Mir  |c 1986 
300 |a 243 s. 
100 1 |a Arrowsmith, D.K. 
700 1 |a Place, C.M.